000
00320nam a22001337a 4500
003
SGT
082
_a
294.594,CHA
100
_a
CHATURVEDI R.G.
245
_a
MANUSMRITI : THE CONSTITUTION OF THE VEDIC SOCIETY
260
_a
NEW DELHI
_b
COMMERCIAL BOOKS
_c
2010
300
_a
724
650
_a
VEDIC SOCIETY
942
_2
ddc
_c
BK
999
_c
9706
_d
9706